[Event "SV Turm Kamp-Lintfort 1 - Oberhausener "]
[Site "NRW-Klasse - Gruppe 3 2019/20"]
[Date "2020.02.23"]
[Round "7.6"]
[White "Schubert, Mario"]
[Black "Nissen, Claus"]
[Result "0-1"]
[WhiteElo "1888"]
[BlackElo "2100"]
[PlyCount "122"]
[EventDate "2020.??.??"]
[SourceVersionDate "2020.03.16"]
[WhiteTeam "SV Turm Kamp-Lintfort 1"]
[BlackTeam "Oberhausener SV 1"]

1. e4 e6 2. d4 d5 3. exd5 exd5 4. Bd3 Nf6 5. c3 Bg4 6. Qc2 Bd6 7. Be3 Nbd7 8.
Nd2 Qe7 9. Ngf3 c5 10. O-O c4 11. Bf5 Bxf5 12. Qxf5 Qe6 13. Qxe6+ fxe6 14. Bg5
h6 15. Bh4 g5 16. Bg3 Bxg3 17. fxg3 O-O 18. Rae1 Rae8 19. Re2 g4 20. Ne5 Nxe5
21. Rxe5 Nd7 22. Rxf8+ Kxf8 23. Rh5 Kg7 24. h3 Nf6 25. Re5 h5 26. Kf2 Kg6 27.
Re1 Nd7 28. b3 b5 29. Nf1 e5 30. bxc4 bxc4 31. Rb1 Nf6 32. Ke3 exd4+ 33. Kxd4
Re4+ 34. Kc5 Re2 35. a4 Ne4+ 36. Kd4 Nf6 37. Rb7 Rxg2 38. hxg4 hxg4 39. Rxa7
Rf2 40. Ne3 Rd2+ 41. Ke5 Rd3 42. Ng2 Nh5 43. Nh4+ Kg5 44. Nf5 Rxc3 45. Ra8 Nf6
46. Ra7 Nh5 47. Ra8 Nxg3 48. Rg8+ Kh5 49. Rh8+ Kg6 50. Rg8+ Kf7 51. Rg7+ Kf8
52. Rxg4 Nxf5 53. Kxf5 Ke7 54. Ke5 Rd3 55. a5 Kd7 56. a6 Kc7 57. a7 Kb7 58.
Rg7+ Ka8 59. Rc7 c3 60. Kd6 d4 61. Kc6 c2 0-1

[Event "SV Turm Kamp-Lintfort 1 - Oberhausener "]
[Site "NRW-Klasse - Gruppe 3 2019/20"]
[Date "2020.02.23"]
[Round "7.7"]
[White "Groß, Thomas"]
[Black "Schmidt, Konrad"]
[Result "1/2-1/2"]
[WhiteElo "1993"]
[BlackElo "1847"]
[PlyCount "123"]
[EventDate "2020.??.??"]
[SourceVersionDate "2020.03.16"]
[WhiteTeam "Oberhausener SV 1"]
[BlackTeam "SV Turm Kamp-Lintfort 1"]

1. Nf3 Nf6 2. g3 g6 3. b3 c5 4. Bg2 Bg7 5. Bb2 Nc6 6. O-O O-O 7. c4 d6 8. d4
cxd4 9. Nxd4 Nxd4 10. Qxd4 Ne8 11. Qd2 Bxb2 12. Qxb2 Rb8 13. Nc3 Nf6 14. Rfd1
Bd7 15. Nd5 Nxd5 16. Bxd5 Qb6 17. h4 h5 18. Kg2 Bc6 19. Qc2 Bxd5+ 20. Rxd5 Qc6
21. Qe4 e6 22. Rd4 Qxe4+ 23. Rxe4 Rfd8 24. Rd1 Kf8 25. Red4 Ke7 26. e4 b5 27.
f4 bxc4 28. Rxc4 Rb7 29. Rc6 Rb6 30. Rdc1 Rd7 31. Kf3 Rb4 32. R1c4 Rxc4 33.
bxc4 Rb7 34. e5 dxe5 35. fxe5 Kd7 36. Rd6+ Kc7 37. Ke4 Rb2 38. Ra6 Kb7 39. Ra3
Rd2 40. Ke3 Rg2 41. Kd4 Re2 42. Rf3 Rd2+ 43. Kc5 Rd7 44. Rb3+ Kc7 45. a4 Rd1
46. Rf3 Rd7 47. a5 Kb7 48. a6+ Kc7 49. Rf4 Kb8 50. Rd4 Rc7+ 51. Kb5 Kc8 52. Rd6
Re7 53. Kc5 Kc7 54. Kd4 Kc8 55. c5 Kc7 56. Kc4 Re8 57. Rd3 Kc6 58. Rf3 Re7 59.
Rd3 Re8 60. Rd6+ Kc7 61. Kd3 Rb8 62. Kc4 1/2-1/2

[Event "SV Turm Kamp-Lintfort 1 - Oberhausener "]
[Site "NRW-Klasse - Gruppe 3 2019/20"]
[Date "2020.02.23"]
[Round "7.8"]
[White "Munck, Thomas"]
[Black "Voge, Andreas"]
[Result "0-1"]
[WhiteElo "1720"]
[BlackElo "2026"]
[PlyCount "102"]
[EventDate "2020.??.??"]
[SourceVersionDate "2020.03.16"]
[WhiteTeam "SV Turm Kamp-Lintfort 1"]
[BlackTeam "Oberhausener SV 1"]

1. e4 c5 2. Nf3 e6 3. d4 cxd4 4. Nxd4 Nf6 5. Nc3 d6 6. Be2 Be7 7. O-O a6 8. Be3
Qc7 9. Qd2 O-O 10. Rac1 b5 11. a3 Bb7 12. f3 Nbd7 13. Nb3 Rfd8 14. Bd3 Rac8 15.
Qf2 d5 16. exd5 Nxd5 17. Nxd5 Bxd5 18. Nd2 Nc5 19. Be4 Na4 20. Bxd5 Rxd5 21. b4
Bf6 22. c4 bxc4 23. Rxc4 Qd8 24. Rxc8 Qxc8 25. Ne4 Be7 26. Rc1 Qxc1+ 27. Bxc1
Rd1+ 28. Qf1 Rxf1+ 29. Kxf1 f5 30. Ng5 e5 31. Ne6 Bd6 32. Nd8 Kf8 33. Nb7 Ke7
34. Ke2 Ke6 35. h3 Be7 36. Kd3 Kd5 37. Na5 e4+ 38. fxe4+ fxe4+ 39. Kc2 Bd8 40.
Nb3 Bb6 41. Nd2 Bf2 42. Kb3 Nb6 43. Kc2 Nc4 44. Nf1 Kd4 45. a4 e3 46. Nh2 e2
47. Nf3+ Ke4 48. Bd2 Ne3+ 49. Kc3 Nxg2 50. Ng5+ Kd5 51. Nxh7 Be3 0-1

[Event "SC Bonn Beuel 1 - Godesberger SK 2"]
[Site "NRW-Klasse - Gruppe 4 2019/20"]
[Date "2019.09.08"]
[Round "1.1"]
[White "Gerusel, Mathias"]
[Black "Haag, Martin"]
[Result "1/2-1/2"]
[WhiteElo "2135"]
[BlackElo "2200"]
[PlyCount "29"]
[EventDate "2019.??.??"]
[SourceVersionDate "2020.03.16"]
[WhiteTeam "Godesberger SK 2"]
[BlackTeam "SC Bonn Beuel 1"]

1. d4 d5 2. c4 e6 3. Nc3 Nf6 4. Bg5 Be7 5. e3 Nbd7 6. Nf3 h6 7. Bh4 O-O 8. cxd5
Nxd5 9. Bxe7 Nxe7 10. Be2 c5 11. O-O b6 12. dxc5 Nxc5 13. b4 Qxd1 14. Rfxd1 Nd7
15. Nd4 1/2-1/2

[Event "SC Bonn Beuel 1 - Godesberger SK 2"]
[Site "NRW-Klasse - Gruppe 4 2019/20"]
[Date "2019.09.08"]
[Round "1.2"]
[White "Hoppe, Thilo"]
[Black "Luebsen, Keno"]
[Result "0-1"]
[WhiteElo "2126"]
[BlackElo "2120"]
[PlyCount "74"]
[EventDate "2019.??.??"]
[SourceVersionDate "2020.03.16"]
[WhiteTeam "SC Bonn Beuel 1"]
[BlackTeam "Godesberger SK 2"]

1. d4 d5 2. c4 c6 3. Nf3 Nf6 4. Nc3 dxc4 5. a4 Bf5 6. e3 e6 7. Bxc4 Bb4 8. O-O
O-O 9. Nh4 Bg4 10. f3 Nd5 11. fxg4 Qxh4 12. e4 Nxc3 13. bxc3 Bxc3 14. Ra3 Bb4
15. Raf3 Nd7 16. g5 Qxe4 17. Rf4 Qg6 18. Bd3 Qxg5 19. Rxf7 Qd5 20. R7f4 Rxf4
21. Rxf4 Nf6 22. Qe2 Re8 23. Bc4 Qd7 24. Kh1 Kh8 25. Bb2 Bd6 26. Rf3 Nd5 27.
Qf2 Qe7 28. Rf7 Rf8 29. Rxe7 Rxf2 30. Rxb7 Nb6 31. Kg1 Rxb2 32. Bxe6 Re2 33. a5
Rxe6 34. Rxa7 Nc8 35. Rd7 Re8 36. a6 Bb8 37. Kf1 Kg8 0-1

[Event "SC Bonn Beuel 1 - Godesberger SK 2"]
[Site "NRW-Klasse - Gruppe 4 2019/20"]
[Date "2019.09.08"]
[Round "1.3"]
[White "Mittmann, Johannes"]
[Black "Lorenz, Roger"]
[Result "0-1"]
[WhiteElo "2072"]
[BlackElo "2162"]
[PlyCount "50"]
[EventDate "2019.??.??"]
[SourceVersionDate "2020.03.16"]
[WhiteTeam "Godesberger SK 2"]
[BlackTeam "SC Bonn Beuel 1"]

1. e4 e6 2. d4 d5 3. Nd2 c5 4. Ngf3 cxd4 5. Nxd4 Nc6 6. Bb5 Bd7 7. Bxc6 bxc6 8.
O-O Bd6 9. Re1 Ne7 10. e5 Bc7 11. N2f3 Ng6 12. Nb3 Qe7 13. Bg5 Qf8 14. c4 dxc4
15. Qd2 f6 16. Rad1 O-O-O 17. exf6 cxb3 18. fxg7 Qxg7 19. Qe2 Kb7 20. Rd3 Rb8
21. Red1 Bc8 22. Qe4 Bb6 23. Rxb3 e5 24. a4 Ka8 25. a5 Bxf2+ 0-1

[Event "SC Bonn Beuel 1 - Godesberger SK 2"]
[Site "NRW-Klasse - Gruppe 4 2019/20"]
[Date "2019.09.08"]
[Round "1.4"]
[White "Rosskothen, Arnd"]
[Black "Roski, Ferdinand"]
[Result "1/2-1/2"]
[WhiteElo "2045"]
[BlackElo "2065"]
[PlyCount "82"]
[EventDate "2019.??.??"]
[SourceVersionDate "2020.03.16"]
[WhiteTeam "SC Bonn Beuel 1"]
[BlackTeam "Godesberger SK 2"]

1. d4 Nf6 2. c4 g6 3. Nc3 Bg7 4. e4 d6 5. Nf3 O-O 6. Be2 Nbd7 7. O-O e5 8. Be3
Re8 9. d5 Nc5 10. Nd2 a5 11. b3 Ncd7 12. a3 h6 13. b4 b6 14. bxa5 Rxa5 15. Nb3
Ra8 16. a4 Nc5 17. Nxc5 bxc5 18. a5 Ba6 19. Qd3 Qd7 20. Bd1 Reb8 21. Ba4 Qd8
22. Rfb1 Rxb1+ 23. Rxb1 Bc8 24. Bc6 Rxa5 25. h3 Bd7 26. Rb7 Kh7 27. Qb1 Qa8 28.
Kh2 Ra1 29. Qb2 Qa5 30. Rb8 Qa3 31. Qxa3 Rxa3 32. Nb5 Rb3 33. Rd8 Bxc6 34. dxc6
Nxe4 35. Rd7 d5 36. Rxd5 Nf6 37. Rd8 Rb4 38. Nxc7 Rb6 39. Rd6 Ne4 40. Nd5 Ra6
41. Rd7 Rxc6 1/2-1/2

[Event "SC Bonn Beuel 1 - Godesberger SK 2"]
[Site "NRW-Klasse - Gruppe 4 2019/20"]
[Date "2019.09.08"]
[Round "1.5"]
[White "Kummer, Wolfram"]
[Black "Woeltge, Carsten"]
[Result "1/2-1/2"]
[WhiteElo "2031"]
[BlackElo "1879"]
[Annotator "Daniel"]
[PlyCount "45"]
[EventDate "2019.??.??"]
[SourceVersionDate "2020.03.16"]
[WhiteTeam "Godesberger SK 2"]
[BlackTeam "SC Bonn Beuel 1"]

1. e4 e6 2. d4 d5 3. Nc3 Nf6 4. e5 Nfd7 5. Nf3 Be7 6. Bf4 a6 7. Bd3 c5 8. dxc5
Nxc5 9. Bg3 Nxd3+ 10. Qxd3 Nc6 11. a3 b5 12. Ne2 Qb6 13. Ned4 Nxd4 14. Nxd4 Bc5
15. Nf3 a5 16. O-O h6 17. c3 a4 $11 18. Qd2 Bb7 19. Nd4 Bxd4 20. cxd4 Rc8 21.
f4 Rc4 22. Bf2 O-O 23. Rfc1 1/2-1/2

[Event "SC Bonn Beuel 1 - Godesberger SK 2"]
[Site "NRW-Klasse - Gruppe 4 2019/20"]
[Date "2019.09.08"]
[Round "1.6"]
[White "Oechtering, Marcus"]
[Black "Hess, Olena"]
[Result "1/2-1/2"]
[WhiteElo "1881"]
[BlackElo "2049"]
[PlyCount "35"]
[EventDate "2019.??.??"]
[SourceVersionDate "2020.03.16"]
[WhiteTeam "SC Bonn Beuel 1"]
[BlackTeam "Godesberger SK 2"]

1. d4 d6 2. c4 e5 3. dxe5 dxe5 4. Qxd8+ Kxd8 5. Nc3 Be6 6. e4 f6 7. Be3 Nd7 8.
f3 c6 9. O-O-O Kc7 10. Bd3 Nc5 11. b3 Nxd3+ 12. Rxd3 Nh6 13. Nge2 Be7 14. g4
Nf7 15. Ng3 Rhd8 16. Rxd8 Rxd8 17. Kc2 b6 18. h4 1/2-1/2

[Event "SC Bonn Beuel 1 - Godesberger SK 2"]
[Site "NRW-Klasse - Gruppe 4 2019/20"]
[Date "2019.09.08"]
[Round "1.7"]
[White "Mueller-Boge, Michael"]
[Black "Muslumov, Osman"]
[Result "1-0"]
[WhiteElo "1973"]
[BlackElo "1744"]
[PlyCount "63"]
[EventDate "2019.??.??"]
[SourceVersionDate "2020.03.16"]
[WhiteTeam "Godesberger SK 2"]
[BlackTeam "SC Bonn Beuel 1"]

1. e4 d5 2. exd5 Qxd5 3. Nf3 Bg4 4. Be2 Nc6 5. d4 O-O-O 6. c4 Qh5 7. Be3 Nh6 8.
Nbd2 e6 9. h3 f6 10. Qa4 Bb4 11. O-O-O Bxd2+ 12. Rxd2 Bxf3 13. Bxf3 Qe8 14. d5
exd5 15. cxd5 Ne5 16. Qxa7 Nxf3 17. gxf3 Nf5 18. Qa8+ Kd7 19. Qxb7 Qe5 20. Qc6+
Kc8 21. Qa8+ Kd7 22. Qa4+ Kc8 23. Bf4 Qe7 24. Qa6+ Kd7 25. Qc6+ Kc8 26. Rd3 Rd6
27. Bxd6 Qxd6 28. Qa8+ Kd7 29. Qxh8 Qf4+ 30. Kb1 Qc4 31. Rhd1 Qc5 32. Qxh7 1-0

[Event "SC Bonn Beuel 1 - Godesberger SK 2"]
[Site "NRW-Klasse - Gruppe 4 2019/20"]
[Date "2019.09.08"]
[Round "1.8"]
[White "Gessinger, Winfried"]
[Black "Koegler, Christof"]
[Result "0-1"]
[WhiteElo "1778"]
[BlackElo "2015"]
[PlyCount "50"]
[EventDate "2019.??.??"]
[SourceVersionDate "2020.03.16"]
[WhiteTeam "SC Bonn Beuel 1"]
[BlackTeam "Godesberger SK 2"]

1. e4 c5 2. Nc3 e6 3. Bc4 Nc6 4. f4 Nge7 5. Nf3 d5 6. exd5 exd5 7. Bb3 a6 8. a4
c4 9. Ba2 Nf5 10. d4 Bb4 11. Bd2 O-O 12. O-O Nfxd4 13. Ne2 Bc5 14. Nexd4 Nxd4
15. Be3 Nxf3+ 16. Qxf3 Bxe3+ 17. Qxe3 Re8 18. Qf3 Bf5 19. Rf2 b5 20. Rd1 Qb6
21. Kf1 Rad8 22. Re2 d4 23. g4 Rxe2 24. Qxe2 Bd7 25. a5 Qf6 0-1

[Event "SG Ennepe-Ruhr-Süd 1 - SV Hilden 1"]
[Site "NRW-Klasse - Gruppe 4 2019/20"]
[Date "2019.09.08"]
[Round "1.1"]
[White "Kretzschmar, Michael"]
[Black "Arndt, Stefan"]
[Result "1/2-1/2"]
[WhiteElo "2120"]
[BlackElo "2169"]
[PlyCount "62"]
[EventDate "2019.??.??"]
[SourceVersionDate "2020.03.16"]
[WhiteTeam "SV Hilden 1"]
[BlackTeam "SG Ennepe-Ruhr-Süd 1"]

1. d4 e6 2. Nf3 f5 3. c4 Nf6 4. Nc3 Be7 5. Qc2 O-O 6. e4 fxe4 7. Nxe4 Nxe4 8.
Qxe4 Bb4+ 9. Bd2 Bxd2+ 10. Nxd2 d5 11. Qe3 Nc6 12. Nf3 Qf6 13. Be2 Bd7 14. O-O
Rae8 15. Ne5 Nxe5 16. Qxe5 Qxe5 17. dxe5 Rf4 18. Rac1 c6 19. f3 Rf5 20. f4 g5
21. Bg4 Rxf4 22. Rxf4 gxf4 23. cxd5 cxd5 24. Rc7 Bc6 25. Kf2 d4 26. Bf3 Bxf3
27. Kxf3 Rd8 28. Kxf4 d3 29. Rc1 d2 30. Rd1 Rd5 31. Ke3 Kf7 1/2-1/2

[Event "SG Ennepe-Ruhr-Süd 1 - SV Hilden 1"]
[Site "NRW-Klasse - Gruppe 4 2019/20"]
[Date "2019.09.08"]
[Round "1.2"]
[White "Tripolsky, Eugen"]
[Black "Mrotzek, Alexander"]
[Result "1/2-1/2"]
[WhiteElo "2211"]
[BlackElo "1996"]
[PlyCount "112"]
[EventDate "2019.??.??"]
[SourceVersionDate "2020.03.16"]
[WhiteTeam "SG Ennepe-Ruhr-Süd 1"]
[BlackTeam "SV Hilden 1"]

1. e4 c6 2. Nc3 d5 3. Nf3 g6 4. d4 Bg7 5. Bd3 dxe4 6. Nxe4 Bg4 7. h3 Bxf3 8.
Qxf3 Qxd4 9. Be3 Qb4+ 10. c3 Qxb2 11. O-O Nd7 12. Rab1 Qxa2 13. Rxb7 Ne5 14.
Qg3 f5 15. Bd4 Qd5 16. Nc5 Nh6 17. Bc2 f4 18. Qh4 Nf5 19. Bxf5 Bf6 20. Be6 Qxd4
21. cxd4 Nf3+ 22. gxf3 Bxh4 23. Ra1 Kf8 24. Raxa7 Rxa7 25. Rxa7 Kg7 26. Ne4 Bf6
27. Nxf6 Kxf6 28. Bd7 Rd8 29. Kf1 h6 30. Ke2 g5 31. Rc7 e6 32. Bxc6 Rxd4 33.
Be4 h5 34. Rh7 h4 35. Rh6+ Kf7 36. Kf1 Rd1+ 37. Kg2 Rd4 38. Rh7+ Kf6 39. Rh8
Kg7 40. Rb8 Rd1 41. Rb7+ Kf6 42. Rh7 Rd4 43. Kf1 Rd1+ 44. Ke2 Rd4 45. Rh6+ Kf7
46. Bd3 Ra4 47. Rh7+ Kf6 48. Rc7 Ra2+ 49. Bc2 Ra1 50. Rc6 Ra3 51. Be4 Ke5 52.
Rc8 Ra2+ 53. Kf1 Kf6 54. Rg8 Ra5 55. Rg6+ Kf7 56. Rh6 Ra4 1/2-1/2

[Event "SG Ennepe-Ruhr-Süd 1 - SV Hilden 1"]
[Site "NRW-Klasse - Gruppe 4 2019/20"]
[Date "2019.09.08"]
[Round "1.3"]
[White "Payenberg, Dirk"]
[Black "Heller, Achim"]
[Result "1/2-1/2"]
[WhiteElo "1992"]
[BlackElo "1993"]
[PlyCount "46"]
[EventDate "2019.??.??"]
[SourceVersionDate "2020.03.16"]
[WhiteTeam "SV Hilden 1"]
[BlackTeam "SG Ennepe-Ruhr-Süd 1"]

1. d4 d5 2. Bf4 Nf6 3. e3 Bf5 4. c4 c6 5. Nc3 e6 6. cxd5 Nxd5 7. Bxb8 Rxb8 8.
Bd3 Bb4 9. Nge2 Qa5 10. Qc2 Bxd3 11. Qxd3 O-O 12. O-O Rfd8 13. a3 Nxc3 14. bxc3
Bd6 15. f4 g6 16. e4 f5 17. Qc4 Re8 18. Ng3 Kg7 19. a4 Qc7 20. e5 Bf8 21. Rfd1
Rbd8 22. Nf1 Qf7 23. Ne3 h5 1/2-1/2

[Event "SG Ennepe-Ruhr-Süd 1 - SV Hilden 1"]
[Site "NRW-Klasse - Gruppe 4 2019/20"]
[Date "2019.09.08"]
[Round "1.4"]
[White "Bruchmann, Norbert"]
[Black "Glowatz, Christoph"]
[Result "1/2-1/2"]
[WhiteElo "2031"]
[BlackElo "1980"]
[PlyCount "89"]
[EventDate "2019.??.??"]
[SourceVersionDate "2020.03.16"]
[WhiteTeam "SG Ennepe-Ruhr-Süd 1"]
[BlackTeam "SV Hilden 1"]

1. e4 e5 2. Nf3 Nc6 3. d4 exd4 4. Bc4 Nf6 5. e5 d5 6. Bb5 Ne4 7. Nxd4 Bc5 8.
O-O O-O 9. Bxc6 bxc6 10. b4 Bb6 11. Nxc6 Qh4 12. Nd4 Nxf2 13. Rxf2 Bxd4 14. g3
Bxf2+ 15. Kxf2 Qxh2+ 16. Ke3 Qxg3+ 17. Kd4 Re8 18. Qh5 Rb8 19. a3 Rb6 20. Qg5
Qxg5 21. Bxg5 Rg6 22. Be3 Rg4+ 23. Kc3 Rxe5 24. Bxa7 Re1 25. Kb2 c6 26. Bc5 h5
27. a4 Bd7 28. a5 Bc8 29. a6 Bxa6 30. Rxa6 Re6 31. Nd2 h4 32. Ra1 h3 33. Rh1
Rh4 34. Nf3 Rh5 35. Kc3 g5 36. Nd4 Rg6 37. Nf5 Rf6 38. Ne7+ Kh7 39. Bd4 Re6 40.
Nf5 f6 41. Ng3 Rh6 42. Nf5 Rh5 43. Ng3 Rh6 44. Nf5 Rh5 45. Ng3 1/2-1/2

[Event "SG Ennepe-Ruhr-Süd 1 - SV Hilden 1"]
[Site "NRW-Klasse - Gruppe 4 2019/20"]
[Date "2019.09.08"]
[Round "1.5"]
[White "Schwab, Thomas"]
[Black "Arakelian, Aik"]
[Result "0-1"]
[WhiteElo "1938"]
[BlackElo "2022"]
[PlyCount "58"]
[EventDate "2019.??.??"]
[SourceVersionDate "2020.03.16"]
[WhiteTeam "SV Hilden 1"]
[BlackTeam "SG Ennepe-Ruhr-Süd 1"]

1. e4 e6 2. d4 c5 3. Nf3 cxd4 4. Nxd4 Nc6 5. c4 Nf6 6. Nc3 Bb4 7. Qd3 Qa5 8.
Bd2 O-O 9. Be2 d5 10. exd5 exd5 11. Nxc6 bxc6 12. cxd5 cxd5 13. O-O Qb6 14. a3
Bd6 15. Be3 Qb8 16. h3 Rd8 17. Bd4 Be5 18. Bf3 Bxd4 19. Qxd4 Qxb2 20. Rfb1 Qc2
21. Ra2 Qg6 22. Rb5 Bxh3 23. Rd2 Re8 24. Rd1 Bd7 25. Ra5 Bg4 26. Bxg4 Nxg4 27.
Nxd5 Re4 28. Ne7+ Rxe7 29. Qd8+ Re8 0-1

[Event "SG Ennepe-Ruhr-Süd 1 - SV Hilden 1"]
[Site "NRW-Klasse - Gruppe 4 2019/20"]
[Date "2019.09.08"]
[Round "1.6"]
[White "Nasoyan, Maksim"]
[Black "Hanke, Stefan"]
[Result "1-0"]
[WhiteElo "1984"]
[BlackElo "1955"]
[PlyCount "57"]
[EventDate "2019.??.??"]
[SourceVersionDate "2020.03.16"]
[WhiteTeam "SG Ennepe-Ruhr-Süd 1"]
[BlackTeam "SV Hilden 1"]

1. Nf3 d5 2. d4 Nf6 3. g3 c6 4. Bg2 Bf5 5. c4 Nbd7 6. Nh4 Be4 7. f3 Bxb1 8.
Rxb1 e6 9. cxd5 cxd5 10. O-O h6 11. f4 Be7 12. f5 e5 13. Nf3 e4 14. Ne1 Qa5 15.
a3 Rc8 16. Bf4 Qb6 17. Kh1 Rc4 18. e3 h5 19. h3 Qc6 20. Rf2 Nb6 21. Bf1 Qd7 22.
Bxc4 dxc4 23. Be5 Nfd5 24. Qe2 Bg5 25. Ng2 Rh7 26. h4 Be7 27. Qc2 f6 28. Bb8 a6
29. Qxe4 1-0

[Event "SG Ennepe-Ruhr-Süd 1 - SV Hilden 1"]
[Site "NRW-Klasse - Gruppe 4 2019/20"]
[Date "2019.09.08"]
[Round "1.7"]
[White "Krause, Peter"]
[Black "Schaefer, Martin"]
[Result "1-0"]
[WhiteElo "1874"]
[BlackElo "1872"]
[PlyCount "57"]
[EventDate "2019.??.??"]
[SourceVersionDate "2020.03.16"]
[WhiteTeam "SV Hilden 1"]
[BlackTeam "SG Ennepe-Ruhr-Süd 1"]

1. c4 f5 2. g3 Nf6 3. Bg2 g6 4. Nf3 Bg7 5. Nc3 O-O 6. O-O d6 7. d3 e5 8. Rb1 a5
9. a3 h6 10. Qc2 Qe8 11. b4 axb4 12. axb4 g5 13. Bb2 Be6 14. Ra1 Rxa1 15. Rxa1
Na6 16. Qb3 Qh5 17. Nd5 Bxd5 18. cxd5 f4 19. Qc4 fxg3 20. hxg3 Ng4 21. Qe4 Nf6
22. Qc4 Qf7 23. Bxe5 Nxb4 24. Qxb4 Nxd5 25. Qd4 c5 26. Qe4 dxe5 27. Nxg5 Qxf2+
28. Kh1 Ne3 29. Qh7# 1-0

[Event "SG Ennepe-Ruhr-Süd 1 - SV Hilden 1"]
[Site "NRW-Klasse - Gruppe 4 2019/20"]
[Date "2019.09.08"]
[Round "1.8"]
[White "Heinzemann, Thomas"]
[Black "Leonavicius, Roland"]
[Result "0-1"]
[WhiteElo "1980"]
[BlackElo "1684"]
[PlyCount "102"]
[EventDate "2019.??.??"]
[SourceVersionDate "2020.03.16"]
[WhiteTeam "SG Ennepe-Ruhr-Süd 1"]
[BlackTeam "SV Hilden 1"]

1. e4 c6 2. d4 d5 3. exd5 Qxd5 4. Nc3 Qa5 5. Bd3 Nf6 6. h3 Bf5 7. Nf3 Bxd3 8.
Qxd3 e6 9. O-O Bd6 10. Bd2 Qh5 11. Rfe1 O-O 12. Ne4 Nxe4 13. Rxe4 Qb5 14. c4
Qf5 15. Nh4 Qh5 16. Nf3 Qf5 17. h4 h6 18. g4 Qg6 19. h5 Qh7 20. Qe2 Nd7 21. g5
hxg5 22. Bxg5 Qf5 23. h6 gxh6 24. Bxh6 Rfe8 25. Rh4 Bf8 26. Qe3 Bxh6 27. Rxh6
Kg7 28. Kh1 Rg8 29. Rg1+ Kf8 30. Rxg8+ Kxg8 31. Nh4 Qg4 32. Qd3 Nf8 33. Ng2 Kg7
34. Rh4 Qg5 35. f4 Qf6 36. Qg3+ Ng6 37. f5 exf5 38. Rf4 Rh8+ 39. Kg1 Kf8 40.
Rf2 Qxd4 41. b3 Rg8 42. Kf1 Qd1+ 43. Ne1 f4 44. Qc3 Rh8 45. Kg1 Rh5 46. Rh2 Re5
47. Kf1 Re3 48. Qd2 Qxd2 49. Rxd2 Ke7 50. Kf2 Ne5 51. Rd4 Rxe1 0-1

[Event "Bergische SF 1 - Langenfelder SF 1"]
[Site "NRW-Klasse - Gruppe 4 2019/20"]
[Date "2019.09.08"]
[Round "1.1"]
[White "Rechmann, Peter"]
[Black "Bosbach, Stefan"]
[Result "1-0"]
[WhiteElo "2203"]
[BlackElo "2036"]
[PlyCount "55"]
[EventDate "2019.??.??"]
[SourceVersionDate "2020.03.16"]
[WhiteTeam "Langenfelder SF 1"]
[BlackTeam "Bergische SF 1"]

1. c4 e5 2. Nc3 Nc6 3. Nf3 g6 4. d4 exd4 5. Nxd4 Bg7 6. Nxc6 dxc6 7. Qxd8+ Kxd8
8. Bg5+ f6 9. Bf4 Be6 10. e3 Ne7 11. h4 h6 12. O-O-O+ Kc8 13. Bd3 a6 14. Kc2 b6
15. Ne2 c5 16. Bh2 Ra7 17. Nf4 Bf7 18. h5 g5 19. Ng6 Bxg6 20. hxg6 f5 21. f4 g4
22. e4 Rf8 23. exf5 Nxf5 24. Bxf5+ Rxf5 25. Rhe1 Rf6 26. Re8+ Kb7 27. Rd7 Rxg6
28. Ree7 1-0

[Event "Bergische SF 1 - Langenfelder SF 1"]
[Site "NRW-Klasse - Gruppe 4 2019/20"]
[Date "2019.09.08"]
[Round "1.2"]
[White "Harringer, Manfred"]
[Black "Stoeber, Michael"]
[Result "0-1"]
[WhiteElo "2042"]
[BlackElo "2222"]
[PlyCount "60"]
[EventDate "2019.??.??"]
[SourceVersionDate "2020.03.16"]
[WhiteTeam "Bergische SF 1"]
[BlackTeam "Langenfelder SF 1"]

1. e4 e6 2. d4 d5 3. Nd2 Nf6 4. e5 Nfd7 5. Bd3 c5 6. c3 b6 7. Ne2 Ba6 8. Bb1
Nc6 9. Nf3 Be7 10. O-O g5 11. Re1 g4 12. Nd2 h5 13. Qa4 Qc8 14. Nf1 Bxe2 15.
Rxe2 cxd4 16. cxd4 Nxd4 17. Re1 Ne2+ 18. Rxe2 Qxc1 19. Rc2 Qe1 20. Rc7 Rd8 21.
Rxa7 Bc5 22. Qf4 Qxe5 23. Qxe5 Nxe5 24. Bc2 h4 25. Re1 Rh5 26. Ne3 g3 27. Re2
d4 28. Nf5 d3 29. Ng7+ Kf8 30. Rd2 Kxg7 0-1

[Event "Bergische SF 1 - Langenfelder SF 1"]
[Site "NRW-Klasse - Gruppe 4 2019/20"]
[Date "2019.09.08"]
[Round "1.3"]
[White "Kurth, Justus"]
[Black "Heckoetter, Christian"]
[Result "1-0"]
[WhiteElo "2178"]
[BlackElo "1991"]
[PlyCount "131"]
[EventDate "2019.??.??"]
[SourceVersionDate "2020.03.16"]
[WhiteTeam "Langenfelder SF 1"]
[BlackTeam "Bergische SF 1"]

1. Nf3 Nf6 2. c4 c5 3. Nc3 e6 4. g3 b6 5. Bg2 Bb7 6. O-O Be7 7. d4 cxd4 8. Qxd4
Nc6 9. Qf4 a6 10. Rd1 d6 11. b3 Qc7 12. Ba3 Rd8 13. Rac1 Qb8 14. Ng5 O-O 15.
Nge4 Nxe4 16. Nxe4 d5 17. Qxb8 Rxb8 18. Bxe7 Nxe7 19. Nd6 Ba8 20. cxd5 Bxd5 21.
Rc7 Bxg2 22. Rxe7 Bd5 23. e4 Rbd8 24. e5 Bc6 25. Rc7 Bd5 26. f4 a5 27. Rd4 Ra8
28. Nc4 Rac8 29. Rxc8 Rxc8 30. Nxb6 Rc1+ 31. Kf2 Rc2+ 32. Ke3 Rxa2 33. Nxd5
exd5 34. Rxd5 g6 35. h4 a4 36. bxa4 Rxa4 37. g4 Ra3+ 38. Rd3 Ra1 39. f5 gxf5
40. gxf5 Rh1 41. Kf4 h6 42. Rd8+ Kh7 43. e6 fxe6 44. fxe6 Re1 45. Kf5 Kg7 46.
Rd7+ Kf8 47. h5 Ke8 48. Ra7 Re2 49. Kf6 Rf2+ 50. Kg6 Re2 51. Ra6 Ke7 52. Kxh6
Rg2 53. Kh7 Rg1 54. h6 Rg2 55. Kh8 Rh2 56. h7 Rg2 57. Ra8 Kxe6 58. Rg8 Rh2 59.
Kg7 Rg2+ 60. Kf8 Rf2+ 61. Ke8 Ra2 62. Rg6+ Kf5 63. Rf6+ Ke5 64. Rh6 Ra8+ 65.
Kf7 Ra7+ 66. Kg6 1-0

[Event "Bergische SF 1 - Langenfelder SF 1"]
[Site "NRW-Klasse - Gruppe 4 2019/20"]
[Date "2019.09.08"]
[Round "1.4"]
[White "Weiser, Hans-Josef"]
[Black "Vogelmann, Peter"]
[Result "0-1"]
[WhiteElo "1965"]
[BlackElo "2117"]
[Annotator "Daniel"]
[PlyCount "178"]
[EventDate "2019.??.??"]
[SourceVersionDate "2020.03.16"]
[WhiteTeam "Bergische SF 1"]
[BlackTeam "Langenfelder SF 1"]

1. e4 e5 2. Nf3 d6 3. d4 Nf6 4. dxe5 Nxe4 5. Qd5 Nc5 6. Bg5 Be7 7. exd6 Qxd6 8.
Nc3 Be6 9. Qxd6 Bxd6 10. Nb5 Nc6 11. Nxd6+ cxd6 12. O-O-O O-O 13. Be3 Ne4 14.
Bd3 d5 15. a3 h6 $11 16. Nd4 Nxd4 17. Bxd4 a6 18. Rhe1 Nd6 19. Bc5 Rfd8 20.
Bxd6 Rxd6 21. Be4 Rad8 22. Bf3 Kf8 23. Rd4 b6 24. Red1 Ke7 25. R1d2 R8d7 26. c3
Rd8 27. Kd1 R8d7 28. Ke2 Rd8 29. Ke3 R8d7 30. g3 Rd8 31. Bg2 R8d7 32. f4 f6 33.
Bf3 Rd8 34. Kf2 R8d7 35. g4 g6 36. Kg3 Rd8 37. Re2 Kf8 38. h4 b5 39. Red2 Ke7
40. Be2 Bf7 41. Bf3 Be6 42. Be2 Bf7 43. Bd1 R6d7 44. Bf3 Rd6 45. Bg2 R8d7 46.
Bh3 Rd8 47. Re2+ Kf8 48. Kf3 Rc6 49. Red2 Rcd6 50. Bg2 R8d7 51. Ke3 Be6 52. Bf3
Ke7 53. Kd3 Rd8 54. Kc2 R8d7 55. Be2 Rb7 56. Bf3 Rbd7 57. Re2 Kf8 58. Rg2 Bf7
59. Kd2 Rd8 60. Be2 R6d7 61. Bd3 Rd6 62. Be2 R8d7 63. Rg1 Rb7 64. Bd3 Rdb6 65.
Be2 Rc7 66. Bf3 Rc4 67. Kd3 Rbc6 68. Rd1 Ke7 69. Ke3 Rxd4 70. Rxd4 Kd6 71. Be2
Kc5 72. Bf3 Rc7 73. Kd2 Re7 74. Rd3 Rd7 75. Rd4 g5 76. fxg5 fxg5 77. hxg5 hxg5
78. a4 Be6 79. axb5 axb5 80. Be2 Rb7 81. Ke3 Re7 82. Kf3 Bd7 83. Rb4 Bc6 84.
Rd4 Rh7 85. Kg2 Ra7 86. Kf2 Ra2 87. b4+ Kd6 88. Rd3 Bd7 89. Re3 Bxg4 0-1

[Event "Bergische SF 1 - Langenfelder SF 1"]
[Site "NRW-Klasse - Gruppe 4 2019/20"]
[Date "2019.09.08"]
[Round "1.5"]
[White "Huelsmann, Josef"]
[Black "Gelsok, Philipp"]
[Result "1/2-1/2"]
[WhiteElo "2145"]
[BlackElo "1929"]
[PlyCount "65"]
[EventDate "2019.??.??"]
[SourceVersionDate "2020.03.16"]
[WhiteTeam "Langenfelder SF 1"]
[BlackTeam "Bergische SF 1"]

1. d4 Nf6 2. Bg5 Ne4 3. Bf4 d5 4. e3 c5 5. c3 Qb6 6. Qb3 c4 7. Qxb6 axb6 8. f3
Nf6 9. e4 e6 10. Bxb8 Rxb8 11. e5 Nd7 12. Nd2 Ra8 13. a3 Be7 14. f4 f5 15. Ngf3
Nb8 16. Be2 Nc6 17. O-O Bd7 18. Bd1 Nd8 19. Bc2 Nf7 20. g3 b5 21. h3 g5 22. Kf2
gxf4 23. gxf4 O-O 24. Rg1+ Kh8 25. Ng5 Nd8 26. Ke3 h6 27. Ngf3 Rg8 28. Rxg8+
Kxg8 29. Rg1+ Kh7 30. Nf1 Nc6 31. N1h2 Rg8 32. Ng4 Rg6 33. Ngh2 1/2-1/2